The handbook water and wastewater microbiology

में बचाया:
ग्रंथसूची विवरण
मुख्य लेखक: Mara, Duncan
स्वरूप: पुस्तक
भाषा:Undetermined
प्रकाशित: New York Acedemic press 2003
विषय:
टैग : टैग जोड़ें
कोई टैग नहीं, इस रिकॉर्ड को टैग करने वाले पहले व्यक्ति बनें!
Thư viện lưu trữ: Trung tâm Học liệu Trường Đại học Cần Thơ
LEADER 00568nam a2200205Ia 4500
001 CTU_74472
008 210402s9999 xx 000 0 und d
020 |c 2051500 
082 |a 628.16 
082 |b M298 
100 |a Mara, Duncan 
245 4 |a The handbook water and wastewater microbiology 
245 0 |c Duncan Mara, Nigel Horan 
260 |a New York 
260 |b Acedemic press 
260 |c 2003 
650 |a Drinking water,Sewage 
650 |x Microbiology,Microbiology 
904 |i Tuyến 
980 |a Trung tâm Học liệu Trường Đại học Cần Thơ